Albums-Songs (Doja Cat) pt.3 - Statistics

General Stats
  • This quiz has been taken 3 times
  • The average score is 7 of 16
Answer Stats
Hint Answer % Correct
2 Jealous Type
100%
Album Title Vie
100%
3 AAAHH MEN!
67%
7 All Mine
67%
1 Cards
67%
5 Gorgeous
67%
12 Make It Up
67%
11 Acts Of Service
33%
4 Couples Therapy
33%
14 Happy
33%
9 Lipstain
33%
10 Silly! Fun!
33%
6 Stranger
33%
15 Come Back
0%
13 One More Time
0%
8 Take Me Dnacing
0%
No matching quizzes found
Score Distribution
Percent of People with Each Score
Percentile by Number Answered
Your Score History
You have not taken this quiz